Entry Nombre personal
001 - NÚMERO DE CONTROL
- campo de control: 33427
003 - IDENTIFICADOR DE NÚMERO DE CONTROL
- campo de control: OSt
005 - FECHA Y HORA DE LA ÚLTIMA TRANSACCIÓN
- campo de control: 20230222192020.0
008 - ELEMENTOS DE DATO DE LONGITUD-FIJA
- campo de control de longitud fija: 050923 n acnnnaaan n ann d
040 ## - FUENTE DE CATALOGACIÓN
- Centro catalogador/agencia de origen: OSt
- Centro/agencia transcriptor: OSt
100 1# - ENCABEZAMIENTO-NOMBRE DE PERSONA
- Nombre de persona: Cagliostro, Alessandro
- Títulos y otros términos asociados al nombre: , conte di
400 1# - TRAZADO DE VÉASE--NOMBRE DE PERSONA
- Nombre de persona: Balsamo, Giuseppe
400 1# - TRAZADO DE VÉASE--NOMBRE DE PERSONA
- Nombre de persona: Balsamo, Joseph
400 1# - TRAZADO DE VÉASE--NOMBRE DE PERSONA
- Nombre de persona: Cagliostro
400 1# - TRAZADO DE VÉASE--NOMBRE DE PERSONA
- Nombre de persona: Cagliostro
- Títulos y otros términos asociados al nombre: Conde de
400 1# - TRAZADO DE VÉASE--NOMBRE DE PERSONA
- Nombre de persona: Gran Cofto
400 1# - TRAZADO DE VÉASE--NOMBRE DE PERSONA
- Nombre de persona: Kalliostro
